000 01072cam a22003015a 4500
001 15645755
005 20161106150314.0
008 090304t2010 maua frb 001 0 eng d
020 _a9780136016380
020 _a0136016383
040 _aDLC
_cDLC
_dBTCTA
_dYDXCP
_dC#P
_dCDX
_dBWX
_dDLC
_dEG-ScBUE
_beng
082 0 4 _a627
_222
_bHOU
100 1 _aHoughtalen, Robert J.
_99296
245 1 0 _aFundamentals of hydraulic engineering systems /
_cRobert J. Houghtalen, A. Osman Akan, Ned H. C. Hwang.
250 _a4th ed.
260 _aBoston :
_bPrentice Hall,
_cc.2010.
300 _axx, 472 p. :
_bill. ;
_c25 cm.
500 _aRev. ed. of: Fundamentals of hydraulic engineering systems / Ned H.C. Hwang, Robert J. Houghtalen. 1996.
500 _aIndex : p. 469-472.
504 _aIncludes bibliographical references.
650 7 _aHydraulics.
_2BUEsh
_918856
650 7 _aHydraulic engineering.
_2BUEsh
_99295
653 _bENGCIV
_cNovember2016
655 _vText book
_933728
700 1 _aAkan, A. Osman.
_934291
700 1 _aHwang, Ned H. C.
_99293
942 _2ddc
999 _c23035
_d23007